El trébol azul 7 : la pandilla del ángel /
Guardado en:
| Autor Principal: | |
|---|---|
| Formato: | Libro |
| Publicado: |
Buenos Aires :
Aique
|
| Series: | Leer e imaginar.
|
| Materias: | |
| Etiquetas: |
Agregar Etiqueta
Sin Etiquetas, Sea el primero en etiquetar este registro!
|
| LEADER | 00735nam a22002415a 4500 | ||
|---|---|---|---|
| 001 | CEM.cems012546 | ||
| 005 | 20070823192245.0 | ||
| 008 | 130507b######################000#0#####d | ||
| 003 | CEMS | ||
| 020 | |a 9507011781 | ||
| 082 | 0 | 4 | |a SG372.41 |
| 100 | 1 | |a Cabal, Graciela Beatriz | |
| 245 | 1 | 0 | |a El trébol azul 7 : |b la pandilla del ángel / |c Graciela Beatriz Cabal. |
| 260 | |a Buenos Aires : |b Aique | ||
| 300 | |a 95 p. | ||
| 490 | 0 | |a Leer e imaginar. | |
| 500 | |a Libro de lectura para 7º grado. | ||
| 653 | |a Biblioteca maría de los Ángeles saggio | ||
| 653 | |a Educación | ||
| 653 | |a Educacion primaria | ||
| 653 | |a Lengua-7º egb | ||
| 653 | |a Lengua. | ||
| 859 | |a CEMS |b BIB. CEMS - 11 de abril |h SG372.41 |i C111 |p 23838.07 |t Ej.1 |v 7º |3 7º | ||
